Về vấn đề quản lý hiện vật /
Sparad:
| Huvudupphovsman: | |
|---|---|
| Materialtyp: | Artikel |
| Språk: | Vietnamese |
| Ämnen: | |
| Taggar: |
Lägg till en tagg
Inga taggar, Lägg till första taggen!
|
| Thư viện lưu trữ: | Thư viện Trường Đại học Đà Lạt |
|---|
| LEADER | 00738nam a2200265 4500 | ||
|---|---|---|---|
| 001 | DLU090079656 | ||
| 005 | ##20090619 | ||
| 040 | # | # | |a DLU |b vie |
| 041 | # | # | |a vie |
| 044 | # | # | |a vn |
| 100 | # | # | |a Trần Thanh Đào. |
| 245 | # | # | |a Về vấn đề quản lý hiện vật / |c Trần Thanh Đào. |
| 653 | # | # | |a Đồ cổ |
| 653 | # | # | |a Hiện vật |
| 653 | # | # | |a Quản lý nhà nước |
| 773 | # | # | |t Văn hoá Nghệ thuật |g Số 8(158), 1997, tr. 46 |
| 920 | # | # | |a Phòng Tạp chí -- Trung tâm Thông tin - Thư viện Trường Đại học Đà Lạt |
| 994 | # | # | |a DLU |
| 900 | # | # | |a True |
| 911 | # | # | |a Đào Thị Thu Huyền |
| 925 | # | # | |a G |
| 926 | # | # | |a A |
| 927 | # | # | |a BB |
| 980 | # | # | |a Thư viện Trường Đại học Đà Lạt |